Manifiesto de la democracia /
Guardado en:
| Autor Principal: | |
|---|---|
| Formato: | Libro |
| Publicado: |
Mexico :
Centro De Estudios Y Documentacion Sociales,
1963
|
| Series: | Estudios Y Documentos
|
| Materias: | |
| Etiquetas: |
Agregar Etiqueta
Sin Etiquetas, Sea el primero en etiquetar este registro!
|
| LEADER | 00603nam a22002055a 4500 | ||
|---|---|---|---|
| 001 | EHU.bham024563 | ||
| 003 | AR-BHAM | ||
| 005 | 20130507152158.0 | ||
| 008 | 130507s1963##################000#0#####d | ||
| 082 | 3 | 2 | |a 321.4 |
| 100 | 1 | |a Douglas, William | |
| 245 | 1 | 0 | |a Manifiesto de la democracia / |c William Douglas |
| 260 | |a Mexico : |b Centro De Estudios Y Documentacion Sociales, |c 1963 | ||
| 300 | |a 55 p. | ||
| 490 | 0 | |a Estudios Y Documentos | |
| 653 | |a Donacion lejarraga | ||
| 653 | |a Democracia | ||
| 653 | |a Sociologia | ||
| 653 | |a Politica | ||
| 859 | |a AR-BHAM |b BIB. HUMANIDADES - General |h 321.4 |i D745 |p 335.02 |t Ej.1 | ||
